00474nam a2200133Ia 4500008004100000100002500041245007700066245004800143260005300191260000900244300001100253650001500264856006100279170221s9999 xx 000 0 und d aTatiana P. Maksimova aInstitutional Features of Cluster Development in the Russian Federation  cTatiana P. Maksimova, Konstantin V. Milyaev bInternational Review of Management and Marketing c2016 a15 : 4 xMarketing. uhttp://www.econjournals.com/index.php/irmm/issue/view/86